Loading...
| Literature - British Literature | 2 | 2 | 1 | 1 | 45 | 12 | 62.50 | 2 | 4 |
| Religion | 0 | 3 | 0 | 0 | 30 | 83 | 91.67 | 1 | 2 |
| Philosophy | 1 | 1 | 0 | 0 | 25 | 58 | 71.50 | 1 | 2 |
| Literature - European Literature | 1 | 1 | 0 | 0 | 25 | 19 | 55.50 | 1 | 2 |
| History - Other History | 1 | 1 | 1 | 0 | 20 | 67 | 83.50 | 0 | 2 |
| Fine Arts - Other Fine Arts | 0 | 2 | 0 | 0 | 20 | 86 | 95.00 | 0 | 2 |
| Literature - American Literature | 0 | 2 | 0 | 0 | 20 | 84 | 99.50 | 0 | 1 |
| Fine Arts - Auditory Fine Arts | 1 | 0 | 0 | 0 | 15 | 60 | 60.00 | 0 | 1 |
| Fine Arts - Visual Fine Arts | 1 | 0 | 0 | 0 | 15 | 49 | 49.00 | 1 | 1 |
| Other Academic | 1 | 0 | 0 | 0 | 15 | 43 | 43.00 | 1 | 1 |
| Science - Other Science | 1 | 0 | 0 | 0 | 15 | 53 | 53.00 | 0 | 1 |
| Science - Chemistry | 1 | 0 | 0 | 0 | 15 | 58 | 58.00 | 0 | 1 |
| History - European History | 0 | 2 | 1 | 1 | 15 | 80 | 89.50 | 0 | 2 |
| History - American History | 1 | 0 | 0 | 0 | 15 | 29 | 29.00 | 1 | 1 |
| Social Science- Edited | 0 | 1 | 0 | 0 | 10 | 79 | 79.00 | 0 | 1 |
| History - World History | 0 | 1 | 0 | 0 | 10 | 105 | 105.00 | 0 | 1 |
| Mythology | 0 | 1 | 0 | 0 | 10 | 99 | 99.00 | 0 | 1 |
| Religion- Edited | 0 | 1 | 0 | 0 | 10 | 84 | 84.00 | 0 | 1 |
| Science - Biology | 0 | 1 | 0 | 0 | 10 | 94 | 94.00 | 1 | 1 |
| Literature - World Literature | 0 | 1 | 1 | 0 | 5 | 115 | 115.00 | 0 | 1 |
| Social Science | 0 | 0 | 1 | 0 | -5 | 0.00 | 0 | 0 |